000 00973nam a22002897a 4500
001 BR7000438
003 BR-BrBNA
005 20230928083604.0
007 ta
008 230509b bl.||||| |||| 00| 0 por d
040 _aBR-BrBNA
_bpor
_cBiblioteca Nacional de Agricultura
041 _a(Por)
072 _aL40
_b8134
090 _ 8134 BR7000438
100 1 _aSilva, S.L. de O. e
110 1 _aUniversidade Federal Rural do Rio de Janeiro, Itaguai (Brasil)
_0Tese (Doctor Scientiae)
_911225
245 1 _aContribuicao ao estudo histoquimico da mucosa digestiva de peixes (observacoes em Tilapia melanopleura Dum. - Pisces, Cichlidae - e outras especies)
260 3 _aItaguai, RJ (Brasil):
_c1970.
300 _a61 p.
500 _a15 illus.; Summary (Por); Bibliography p. 44-52 (66 ref.)
650 _aEstrutura animal
650 _aTilapia
650 _aHistoquimica
650 _aAnatomia animal
909 _a202309
_bLucia
_c55
_dLucia Elande
942 _cBK
999 _c14339
_d14339